000 01228ncm a2200313 i 4500
001 174934
003 ES-MaACL
005 20250823104044.0
007 qu
008 100715r20061889sp ||| |||||||| | lat d
020 _a978-84-96813-02-1
080 _a783.8.071.2
100 1 _aArriaga, Juan Crisóstomo de.
_9139120
245 1 0 _aO salutaris Hostia :
_bmotete a tres voces y cuarteto [
_hMúsica impresa] /
_cJuan Crisóstomo de Arriaga ; [textos, Joaquín Pérez de Arriaga].
260 _aMadrid :
_bPolifemo,
_c[2006]
300 _a1 partitura ([12] p.), [4] p. ;
_c21 x 28 cm.
534 _pReprod. facs. de la copia ms. de 1889 conservada en la biblioteca de la
_lReal Escuela Nacional de Música y Declamación de Madrid (1/8986)
546 _aComentarios en castellano y euskera.
600 1 4 _aArriaga, Juan Crisóstomo de.
_9139120
650 4 _aCoros religiosos.
_9167477
650 4 _aMotetes.
_9170306
650 7 _aMúsica sagrada
_2
_9143239
650 4 _aMúsica-
_vFacsímiles.
_9139121
700 1 _aPérez de Arriaga, Joaquín.
_9143236
710 2 _aSociedad Estatal de Conmemoraciones Culturales (España)
_9134893
852 4 _aES-MaACL
_j2280-F-15
942 _2udc
999 _c174934
_d174934